Normal view
MARC view
- Electronic books
Entry Genre/Form Term
001 - CONTROL NUMBER
- control field: 85314
003 - CONTROL NUMBER IDENTIFIER
- control field: NUST
005 - DATE AND TIME OF LATEST TRANSACTION
- control field: 20211130113406.0
008 - FIXED-LENGTH DATA ELEMENTS
- fixed length control field: 211130|| aca||aabn | a|a d
040 ## - CATALOGING SOURCE
- Original cataloging agency: NUST
- Transcribing agency: NUST
155 ## - HEADING--GENRE/FORM TERM
- Genre/form term: Electronic books
670 ## - SOURCE DATA FOUND
- Source citation: Work cat.: (NUST)33487: Chung, Frank H. 85311, Industrial applications of X-ray diffraction /, c2000.
